| 000 | 00461nam a22001817a 4500 | ||
|---|---|---|---|
| 003 | CEME | ||
| 005 | 20210628205631.0 | ||
| 008 | 210309b xxu||||| |||| 00| 0 eng d | ||
| 020 | _a0-314-20933-6 | ||
| 040 | _c. | ||
| 082 | _a530 CEL | ||
| 100 |
_aCelesia, Jon.A _976366 |
||
| 245 | _aIntroductory college physics a guide to student primer | ||
| 260 |
_aBOSTON _bBROOKS COLE _c1998 |
||
| 300 | _aVP | ||
| 650 |
_aPHYSICS-COLLEGE _976367 |
||
| 942 |
_cBK _2ddc |
||
| 999 |
_c581758 _d581758 |
||